Religion Quiz

Random Religion or Art Quiz

The Last Supper Quiz Stats

 Plays Quiz Updated Apr 15, 2014

Also try: Artist by Painting
Challenge
Share
Tweet
Score 0/13 Timer 03:00
4 Plays Today
% Correct
Jesus Christ
93.6%
Judas Iscariot
79.8%
John
78.9%
Peter
78.8%
Matthew
67.3%
Simon
56.6%
James Minor
56.2%
James Major
56.1%
Thomas
52.6%
Andrew
44.7%
Bartholomew
37.4%
Jude Thaddeus
34.4%
Philip
28.4%

You're not logged in!

Compare scores with friends on all Sporcle quizzes.
Join for Free
OR
Log In

You Might Also Like...

Show Comments

Extras

Top Quizzes Today


Score Distribution

Your Account Isn't Verified!

In order to create a playlist on Sporcle, you need to verify the email address you used during registration. Go to your Sporcle Settings to finish the process.

Report this User

Report this user for behavior that violates our Community Guidelines.

Details: